000 00569cab a2200217 4500
001 WB3236-12
008 090401t1996 xxu||||| |||| 00| 0 eng d
035 _a(Sirsi) u7893
041 _aeng
245 _aHelical Bar`s strategy
260 _c1996
350 _a0
490 _aFinancial Times
_v27 September 1996, 17(1)
520 _aLooks at the success of the property developers Helical Bar.
650 _aHELICAL BAR
650 _aPROFILE
650 _aPROPERTY COMPANIES
690 _aPROPERTY-PROPERTY DEVELOPMENT
942 _n0
948 _c04/03/1997
999 _c4804
_d4804